000 00744nam a22002177a 4500
005 20110816122752.0
008 110816t xxu||||| |||| 00| 0 eng d
010 _aENG-103510
020 _a9788177792362
_c200.00
035 _aEN-87043
037 _bDBAD/PUB
040 _aDPL
_bEng
082 _a940
100 _932849
_aSharma, Partha Sarthi Sen
245 _aA passage across Europe /
_cby Partha Sarthi Sen Sharma
260 _aAllahabad
_bSahitya Bhandar
_c2010
270 _a50,Chathchand,(Zero Road),
_bAllahabad
_e211003
300 _a160p.
_c22cm (Hb)
942 _2ddc
_cEN
_mSHA
_h940
999 _c55729
_d55729